000 00477nam a2200169Ia 4500
999 _c12058
_d12058
003 OSt
005 20201021110420.0
008 190216s9999||||xx |||||||||||||| ||und||
040 _coclc
082 _a823.912
_bBRA/G
100 _aBrand, Christianna
_96014
245 0 _aGreen For Danger /
_cChristianna Brand
260 _bLongmans ,
_c1963.
_aLondon:
300 _a206p
650 _aEnglish Novel
942 _cBK
_2ddc
_h823.912
_iBRA/G
_k823.912
_mBRA/G